Management of Systems (Record no. 1740)

MARC details
000 -LEADER
Fixed length control field 00385nam a2200157 4500
003 - CONTROL NUMBER IDENTIFIER
Control field SEACOMEC
005 - DATE AND TIME OF LATEST TRANSACTION
Control field 20241004131037.0
008 - FIXED-LENGTH DATA ELEMENTS--GENERAL INFORMATION
Fixed length control field 241004b |||||||| |||| 00| 0 eng d
020 ## - INTERNATIONAL STANDARD BOOK NUMBER / ISBN
Price 270.00
040 ## - CATALOGING SOURCE
Original cataloging agency SEACOMEC
082 ## - DEWEY DECIMAL CLASSIFICATION NUMBER
Classification number 658
Book Number G977
100 ## - MAIN ENTRY--PERSONAL NAME
Personal name Gupta, A. K
245 ## - TITLE STATEMENT
Title Management of Systems
Statement of responsibility A.K. Gupta and J. K.Sharma
260 ## - IMPRINT
Place of publication Delhi
Name of publisher Macmillan
Date of publication 2003
942 ## - ADDED ENTRY ELEMENTS (KOHA)
Koha item type Books
Holdings
Withdrawn status Lost status Source of classification Damaged status Not for loan Home library Current library Date acquired Total Checkouts Call number Accession number Date last seen Price effective from Koha item type Copy number
    Dewey Decimal Classification     SEACOM ENGINEERING COLLEGE SEACOM ENGINEERING COLLEGE 23/06/2007   658 G977 7257 04/10/2024 04/10/2024 Books  
    Dewey Decimal Classification     SEACOM ENGINEERING COLLEGE SEACOM ENGINEERING COLLEGE 23/06/2007   658 G977 7258 04/10/2024 04/10/2024 Books 1
    Dewey Decimal Classification     SEACOM ENGINEERING COLLEGE SEACOM ENGINEERING COLLEGE 23/06/2007   658 G977 7259 04/10/2024 04/10/2024 Books 2
    Dewey Decimal Classification     SEACOM ENGINEERING COLLEGE SEACOM ENGINEERING COLLEGE 23/06/2007   658 G977 7260 04/10/2024 04/10/2024 Books 3
    Dewey Decimal Classification     SEACOM ENGINEERING COLLEGE SEACOM ENGINEERING COLLEGE 23/06/2007   658 G977 7261 04/10/2024 04/10/2024 Books 4
© Seacom Engineering College, All rights reserved.      Powered by Koha